Famous People Named Louis or Lewis - Statistics

General Stats
  • This quiz has been taken 143 times
  • The average score is 9 of 22
Answer Stats
Life Hint Answer % Correct
1901–1971 Trumpeter nicknamed Satchmo Louis Armstrong
81%
1926–2017 "The King of Comedy" who hosted a telethon Jerry Lewis
79%
1950– Sang "The Power of Love" with the News Huey Lewis
72%
1935–2022 "Great Balls of Fire", "Whole Lotta Shakin' Goin' On" Jerry Lee Lewis
70%
1985– Formula One driver with record for most wins Lewis Hamilton
59%
1914–1981 Boxer nicknamed the Brown Bomber Joe Louis
56%
1832–1898 Pen name of fantasy writer Charles Dodgson Lewis Carroll
54%
1961– Sprinter and long jumper with 9 Olympic gold medals Carl Lewis
49%
1957– Won three Oscars for Best Actor Daniel Day-Lewis
47%
1774–1809 Explored the Northwest with William Clark Meriwether Lewis
46%
1898–1963 Wrote The Screwtape Letters and Mere Christianity C.S. Lewis
43%
1973– Natural Born Killers and Cape Fear actress Juliette Lewis
42%
1822–1895 Produced the first vaccine for rabies Louis Pasteur
42%
1996– Scottish musician of "Someone You Loved" Lewis Capaldi
38%
1991– One Direction member who is now a solo artist Louis Tomlinson
29%
1933– Leader of the Nation of Islam Louis Farrakhan
28%
1965– The last undisputed heavyweight boxing champion Lennox Lewis
24%
1967– Stand-up comedian who directed Pootie Tang Louis C.K.
22%
1988– Macklemore collaborator Ryan Lewis
20%
1948– Stand-up comedian famous for angry rants Lewis Black
16%
1885–1951 Main Street author, won the Nobel Prize in Literature Sinclair Lewis
14%
1972– Lead singer of Staind Aaron Lewis
9%
No matching quizzes found
Score Distribution
Percent of People with Each Score
Percentile by Number Answered
Your Score History
You have not taken this quiz